000 01904cam a2200385 a 4500
999 _c3883
_d3883
001 17768283
003 OSt
005 20241115150309.0
008 130607s2013 enkab 000 0 eng d
010 _a 2012277422
020 _a9780194236690 (pbk.)
035 _a(OCoLC)ocn834089306
040 _aJDD
_cJDD
_dOCLCO
_dYDXCP
_dKH8
_dDLC
042 _alccopycat
043 _aa-ja---
082 _a428.6 BLA
100 1 _aBladon, Rachel,
_eauthor.
245 1 0 _aJapan /
_cRachel Bladon.
260 _aOxford :
_bOxford University Press,
_c2013.
300 _a56 p. :
_bill. col., col. map ;
_c22 cm.
490 1 _aOxford bookworms library. Factfiles. Stage 1
490 0 _aOxford bookworms. Stage 1 (400 headwords)
500 _aIncluded in the reader: Activities (Before reading ; While reading ; After reading).
500 _aWord count: 5,354.
505 0 _aOld meets new -- Emperors, samurai, and shoguns -- Earthquakes and volcanoes -- Life in Japan -- Language and customs -- Sport and culture -- Tokyo -- Other places to visit -- Japanese food -- Into the future.
520 _aWhat is Japan? It is everything new and modern: the Tokyo Sky Tree, 634 metres high; amazing camera and phones; karaoke and manga; trains going past at 300 kilometres an hour. And it is everthing timeless too: beautiful palaces; high mountains and hot springs; cherry blossom; queit gardens with water and trees. Here the past meets the future all the time. From sumo wrestlers to robots, Japan has something amazing for everybody.
521 _aESL students:
_aStage 2 (CEFR: A2-B1).
650 0 _aReaders (Adult)
650 0 _aReaders for new literates.
650 0 _aHigh interest-low vocabulary books.
650 0 _aReading comprehension
_vProblems, exercises, etc.
651 0 _aJapan
_xDescription and travel.
830 0 _aOxford bookworms library.
_pFactfiles.
_pStage 1.
942 _2ddc
_cTR